00230nam a2200097Ia 4500008004100000041000800041082001200049100002000061245002200081260002900103231212s1985 xx 000 0 und d aeng a621.381 aPadmanabhan T.R aDigital System Of aNew DelhibMc Growc1985